| 000 | 01085 a2200193 4500 | ||
|---|---|---|---|
| 001 | 59507 | ||
| 005 | 20260407155849.0 | ||
| 008 | 260407a1975 arg spa d | ||
| 003 | AR-UNSa-BCEJYS | ||
| 040 |
_aAR-UNSa-BCEJYS _bspa _cAR-UNSa-BCEJYS |
||
| 080 |
_a330.1 _xCiencia económica. Conceptos fundamentales de teoría económica. Valor. Capital. Fondos |
||
| 245 | 1 | 0 |
_aCrítica de la teoría del desarrollo _pestdiso y debates sobre la economía del desarrollo |
| 264 | 1 |
_aBarcelona : _bAriel _c1975 |
|
| 300 |
_a517 p. _c19 cm. |
||
| 505 | _a1. El circulo vicioso de la pobreza y la ampliación de la brecha – 2. Critica de la teoría del desarrollo – 3. La economía del resentimiento: colonialismo y subdesarrollo – 4. El marxismo y los países subdesarrollados – 5. Perspectivas asiáticas – 6. Una crítica de la UNCTAD – 7. La economía como forma de asistencia técnica – 8. El estudio de las economías subdesarrolladas – 9. El consenso espúreo y sus antecedentes | ||
| 942 | _cBK | ||
| 590 | _aniveau_biblio:m niveau_hierar:0 | ||
| 100 | 1 | _aBauer, Peter T. | |
| 999 |
_c6713 _d6713 |
||